| 000 | 00411nam a22001697a 4500 | ||
|---|---|---|---|
| 008 | 170720b xxu||||| |||| 00| | tur d | ||
| 020 | _a9786055945305 | ||
| 041 | _atur | ||
| 050 | _aPL219 | ||
| 100 |
_aÇolak, Veysel _9343 |
||
| 245 | _aDikkat Şiir | ||
| 250 | _a1. baskı | ||
| 260 |
_aAnkara _bHayal Yayınları _cNisan 2009 |
||
| 300 | _a173 sayfa | ||
| 650 | 0 |
_9145 _aTürk Edebiyatı |
|
| 942 |
_2lcc _cBK |
||
| 999 |
_c1629 _d1604 |
||